<?xml version="1.0" encoding="UTF-8"?>
<collection xmlns="http://www.loc.gov/MARC21/slim">
 <record>
  <leader>04576nam a2200289 a 4500</leader>
  <controlfield tag="001">kal4305</controlfield>
  <controlfield tag="003">Gr-AtHEAL</controlfield>
  <controlfield tag="005">20160421131212.0</controlfield>
  <controlfield tag="006">m        d        </controlfield>
  <controlfield tag="008">160413s2015    gr      s           gre|c</controlfield>
  <datafield tag="020" ind1=" " ind2=" ">
   <subfield code="a">9789606034381</subfield>
  </datafield>
  <datafield tag="040" ind1=" " ind2=" ">
   <subfield code="a">GR-AtHEAL</subfield>
   <subfield code="b">gre</subfield>
   <subfield code="c">GR-AtHEAL</subfield>
  </datafield>
  <datafield tag="082" ind1="0" ind2="4">
   <subfield code="a">320.019</subfield>
   <subfield code="2">23</subfield>
  </datafield>
  <datafield tag="100" ind1="1" ind2=" ">
   <subfield code="a">Μαργαρίτης, Γεώργιος.</subfield>
   <subfield code="8">379</subfield>
  </datafield>
  <datafield tag="245" ind1="1" ind2="0">
   <subfield code="a">Πόλεμος και πολιτική</subfield>
   <subfield code="h">[Ηλεκτρονικός πόρος] </subfield>
   <subfield code="c">Μαργαρίτης, Γεώργιος ; Κριτικός αναγνώστης,Ηρακλείδης, Αλέξιος ; Γραφιστική επιμέλεια,Ρέτσης, Χρήστος ; Γλωσσική επιμέλεια, Κιοσέογλου, Νερίνα.</subfield>
  </datafield>
  <datafield tag="260" ind1=" " ind2=" ">
   <subfield code="a">Αθήνα :</subfield>
   <subfield code="b">Σύνδεσμος Ελληνικών Ακαδημαϊκών Βιβλιοθηκών,</subfield>
   <subfield code="c">c2015.</subfield>
  </datafield>
  <datafield tag="490" ind1=" " ind2=" ">
   <subfield code="a">Ακαδημαϊκά Ηλεκτρονικά Συγγράμματα και Βοηθήματα Κάλλιπος</subfield>
   <subfield code="8">40</subfield>
  </datafield>
  <datafield tag="520" ind1=" " ind2=" ">
   <subfield code="a">Το προτεινόμενο σύγγραμα απευθύνεται σε προπτυχιακούς και μεταπτυχιακούς φοιτητές πολιτικής επιστήμης, ιστορίας ή στρατιωτικής ιστορίας (πολεμολογίας). Απευθύνεται επίσης σε ένα ευρύτερο κοινό που θα ήθελε να αποκτήσει μια γενική γνώση πάνω στα θέματα που πραγματεύεται το βιβλίο.Παρακολουθεί και αναλύει τη διαχρονική σχέση ανάμεσα στο φαινόμενο του πολέμου και την εκάστοτε μορφή και λειτουργία της πολιτικής εξουσίας. Η ανάλυση στηρίζεται στη συγκριτική προσέγγιση της σχέσης αυτής σε συγκεκριμένες ιστορικές περιόδους (αυτοκρατορίες εποχής χαλκού, Όμηρος, κλασσική Ελλάδα, Ρώμη, .... ως και τους ολοκληρωτικούς πολέμους του 19ου και 20ου αιώνα και τους&quot;αυτοτροφοδοτούμενους&quot; πολέμους χαμηλής έντασης της σύγχρονης εποχής).Παρουσιάζονται αναλυτικά οι τεχνικές του πολέμου - το υλικό - οικονομικό υπόστρωμα που τις συνοδεύει, οι κοινωνικές προδιαγραφές που συνδέονται με το εκάστοτε είδος πολέμου και τελικά, η συνάθροιση όλων αυτών των παραγόντων και η έκφρασή τους στο επίπεδο της πολιτικής εξουσίας. Η διαχρονική - ιστορική - αντιμετώπιση του θέματος θεμελιώνει δυνατότητες συγκριτικής προσέγγισης και φέρνει στην επιφάνεια σταθερές στην πολιτική συγκρότηση των κοινωνιών. Με τον τρόπο αυτό γίνονται ευκολότερα κατανοητές σύνθετες έννοιες όπως η σχέση ανάμεσα στο δικαίωμα/υποχρέωση συμμετοχής στον πόλεμο και την πολιτική συμμετοχή.Οπωσδήποτε τονίζονται με έμφαση οι μεγάλοι σταθμοί στην ιστορία της σχέσης πόλεμος/πολιτική: φάλαγγα οπλιτών, ρωμαϊκή λεγεώνα, φεουδαρχικό προνόμιο, Γαλλική Επανάσταση, ολοκληρωτικοί πόλεμοι, κλπ...</subfield>
  </datafield>
  <datafield tag="653" ind1=" " ind2=" ">
   <subfield code="a">Πόλεμος Κράτος Πολιτική</subfield>
  </datafield>
  <datafield tag="653" ind1=" " ind2=" ">
   <subfield code="a">Ιστορία</subfield>
   <subfield code="a">Ειδικές ιστορίες</subfield>
   <subfield code="a">Στρατιωτική ιστορία</subfield>
  </datafield>
  <datafield tag="653" ind1=" " ind2=" ">
   <subfield code="a">Πολιτικές επιστήμες</subfield>
  </datafield>
  <datafield tag="700" ind1="1" ind2=" ">
   <subfield code="a">Ηρακλείδης, Αλέξιος</subfield>
   <subfield code="e">Κριτικός αναγνώστης</subfield>
   <subfield code="8">2053</subfield>
  </datafield>
  <datafield tag="856" ind1="4" ind2="0">
   <subfield code="u">http://hdl.handle.net/11419/4305</subfield>
   <subfield code="z">Πλήρες Κείμενο - Full text</subfield>
  </datafield>
  <datafield tag="907" ind1=" " ind2=" ">
   <subfield code="a">.b25681060</subfield>
   <subfield code="b">12-06-18</subfield>
   <subfield code="c">29-07-16</subfield>
  </datafield>
  <datafield tag="949" ind1=" " ind2=" ">
   <subfield code="0">0</subfield>
   <subfield code="1">0</subfield>
   <subfield code="2">ddc</subfield>
   <subfield code="4">0</subfield>
   <subfield code="6">320_019000000000000_ΜΑΡ</subfield>
   <subfield code="7">0</subfield>
   <subfield code="8">KALL</subfield>
   <subfield code="8">865</subfield>
   <subfield code="d">2016-04-13</subfield>
   <subfield code="r">2016-04-13</subfield>
   <subfield code="w">2016-04-13</subfield>
   <subfield code="z">320.019 ΜΑΡ</subfield>
   <subfield code="o">SEAB KALLIPOS</subfield>
  </datafield>
  <datafield tag="998" ind1=" " ind2=" ">
   <subfield code="a">80</subfield>
   <subfield code="a">01</subfield>
   <subfield code="a">02</subfield>
   <subfield code="a">03</subfield>
   <subfield code="a">04</subfield>
   <subfield code="a">05</subfield>
   <subfield code="a">06</subfield>
   <subfield code="a">07</subfield>
   <subfield code="a">08</subfield>
   <subfield code="a">09</subfield>
   <subfield code="a">10</subfield>
   <subfield code="a">11</subfield>
   <subfield code="a">12</subfield>
   <subfield code="a">13</subfield>
   <subfield code="a">14</subfield>
   <subfield code="a">15</subfield>
   <subfield code="a">16</subfield>
   <subfield code="a">17</subfield>
   <subfield code="a">18</subfield>
   <subfield code="a">19</subfield>
   <subfield code="a">20</subfield>
   <subfield code="a">21</subfield>
   <subfield code="a">22</subfield>
   <subfield code="a">23</subfield>
   <subfield code="a">24</subfield>
   <subfield code="a">25</subfield>
   <subfield code="a">26</subfield>
   <subfield code="b">25-05-17</subfield>
   <subfield code="c">m</subfield>
   <subfield code="d">z  </subfield>
   <subfield code="e">-</subfield>
   <subfield code="f">gre</subfield>
   <subfield code="g">gr </subfield>
   <subfield code="h">0</subfield>
  </datafield>
  <datafield tag="942" ind1=" " ind2=" ">
   <subfield code="2">ddc</subfield>
   <subfield code="c">KALLIPOS</subfield>
  </datafield>
 </record>
</collection>
